| 000 | 00361 a2200097 4500 | ||
|---|---|---|---|
| 020 | _a9780784408902 | ||
| 082 | _a624.1510978 GEO | ||
| 245 |
_aGeo Volution the Evaluation of Colorado's Geologicaland Geotechnical Engineering Practice _cGeo Institute |
||
| 260 |
_aVirginia : _bASCE Press : _c2006 |
||
| 300 |
_avi, 215p. : _bill. ; _c23 cm |
||
| 650 | _aEngineering Geology -- Colorado -- Congresses | ||
| 999 |
_c988 _d988 |
||